000 00675cam a2200205 a 4500
001 000019961
005 20200929170216.0
008 740114s1973 nyu 001 0beng d
040 _aDO-SdBNP
_beng
_cLC
_dBNPHU
050 0 0 _aE856
_b.M26 1973
082 _ann*
_bM278p
100 1 _aMankiewicz, Frank,
_d1924-
_942565
245 1 0 _aPerfectly clear :
_bNixon from Whittier to Watergate /
_cFrank Mankiewicz.
260 _a[New York] :
_bQuadrangle,
_c1973.
300 _axiii, 239 p. ;
_c24 cm.
600 1 0 _aNixon, Richard M.
_q(Richard Milhous),
_d1913-1994.
_942566
650 0 _aWatergate affair, 1972-1974.
_942567
910 _aCatalogación derivada / LC
049 _aBNGR
999 _c19474
_d19474